| 000 | 00631nas a2200205 i 4500 | ||
|---|---|---|---|
| 001 | 185165 | ||
| 003 | ES-MaACL | ||
| 005 | 20250217134917.0 | ||
| 008 | 160331d18591872 | | ||pa d | ||
| 245 | 0 | 0 |
_aCatalogue annuel de la librairie française / _cpublié par Ch. Reinwald. |
| 260 |
_aParis : _bCh. Reinwald, _c1859-1872. |
||
| 300 |
_a3 v. ; _c22 cm. |
||
| 310 | _aAnual | ||
| 650 | 4 |
_aBibliografía. _910516 |
|
| 651 | 4 |
_aFrancia- _vBibliografías. _9159254 |
|
| 700 | 1 |
_aReinwald, Charles-Ferdinand ( _d1812-1891) _9159260 |
|
| 852 |
_aES-MaACL _jG-6112-14 |
||
| 866 | 0 | _o1860, 1862, 1863. | |
| 999 |
_c185165 _d185165 |
||